000
00334nam a22001457a 4500
003
OSt
005
20211227152400.0
008
211227b |||||||| |||| 00| 0 eng d
020
_a
0716782332
040
_c
HU
082
_a
004
100
_a
Aho V. Alfred
_9
25519
245
_a
Foundations of COMPUTER Science
942
_2
ddc
_c
BOOKS
_n
0
999
_c
24423
_d
24423